Environmental studies (Record no. 393506)

MARC details
000 -LEADER
fixed length control field 00496nam a22001937a 4500
005 - DATE & TIME
control field 20250912121730.0
008 - FIXED-LENGTH DATA ELEMENTS--GENERAL INFORMATION
fixed length control field 250912b |||||||| |||| 00| 0 eng d
020 ## - ISBN
International Standard Book Number 9789392080487
Price Rs. 300.00
040 ## - CATALOGING SOURCE
Original cataloging agency VIVEKANANDA LIBRARY
082 ## - DDC NUMBER
Classification number 363.7
Book Number C392E
100 ## - MAIN ENTRY--PERSONAL NAME
Personal name Chaturvedi, D D
245 ## - TITLE STATEMENT
Title Environmental studies
260 ## - PUBLICATION, DISTRIBUTION, ETC. (IMPRINT)
Place of publication, distribution, etc New Delhi
Name of publisher, distributor, etc Kitab Mahal Publishers
Date of publication, distribution, etc 2024
300 ## - PHYSICAL DESCRIPTION
Pages 278
650 ## - Subject
Subject Environmental Science
700 ## - Added Entry Personal Name
Added Entry Personal Name Harpreet Singh
700 ## - Added Entry Personal Name
Added Entry Personal Name Saxena, Noopur
942 ## - ADDED ENTRY ELEMENTS (KOHA)
Koha item type Books

No items available.

© Designed and Maintained by Vivekananda Library, MDU Rohtak